| 000 | 00819nam a22002777a 4500 | ||
|---|---|---|---|
| 001 | 540 | ||
| 005 | 20230615155634.0 | ||
| 008 | 230615b cb ||||| |||| 00| 0 eng d | ||
| 020 | _a1568361513 (hardcover) | ||
| 020 | _a9780749708252 | ||
| 040 |
_aDLC _cDLC _dDLC _dFISKH _beng |
||
| 050 | 0 | 0 |
_aPZ7.B828416 _bMh 1995 |
| 082 | 0 | 0 |
_a[E] _220 |
| 100 | 1 | _aBruna, Dick. | |
| 245 | 1 | 0 |
_aMiffy / _cDick Bruna. |
| 260 |
_aNew York : _bLittle Mamoth _c1991. |
||
| 300 |
_a28 unnumbered pages : _bcolor illustrations ; _c17 cm. |
||
| 505 | _aL | ||
| 520 | _aMr. and Mrs. Rabbit's wish to have a baby is granted by an angel. | ||
| 521 |
_a500
_bLexile |
||
| 521 |
_aL
_bRaz-Plus |
||
| 650 | 1 |
_aBabies _vFiction. |
|
| 650 | 1 |
_aRabbits _vFiction. |
|
| 906 |
_a7 _bcbc _corignew _d1 _eocip _f19 _gy-gencatlg |
||
| 942 |
_2ddc _cBK _n0 |
||
| 999 |
_c540 _d540 |
||